书目信息 |
| 题名: |
数字建造导论
|
|
| 作者: | 丁烈云 著 | |
| 分册: | ||
| 出版信息: | 北京 中国建筑工业出版社 2019.12 |
|
| 页数: | 267页 | |
| 开本: | 20cm | |
| 丛书名: | ||
| 单 册: | ||
| 中图分类: | TU71-39 | |
| 科图分类: | ||
| 主题词: | 建筑工程--施工管理 | |
| 电子资源: | ||
| ISBN: | 978-7-112-24505-5 | |
| 000 | 00593nam0 2200205 45 | |
| 001 | 2534824056 | |
| 005 | 20250906094057.01 | |
| 010 | @a978-7-112-24505-5@dCNY135.00 | |
| 100 | @a20200702d2019 km y0chiy0120 ea | |
| 101 | 0 | @achi |
| 102 | @aCN@b110000 | |
| 200 | 1 | @a数字建造导论@Ashu zi jian zao dao lun@f丁烈云著@Fding lie yun zhu |
| 210 | @a北京@c中国建筑工业出版社@d2019.12 | |
| 215 | @a267页@d20cm | |
| 503 | @n河南城建学院图书馆 | |
| 606 | 0 | @a建筑工程@x施工管理 |
| 690 | @aTU71-39@v4 | |
| 701 | 0 | @a丁烈云@Ading lie yun@4著 |
| 801 | 0 | @aCN@bPFT@c20200702 |
| 905 | @a10447@dTU71-39@eD548 | |
| 数字建造导论/丁烈云著.-北京:中国建筑工业出版社,2019.12 |
| 267页;20cm |
| ISBN 978-7-112-24505-5:CNY135.00 |
| ● |
| 相关链接 |
|
|
|
正题名:数字建造导论
索取号:TU71-39/D548
 
预约/预借
| 序号 | 登录号 | 条形码 | 馆藏地/架位号 | 状态 | 备注 |
| 1 | 1555242 | 215552426 | 建筑库101/201建筑库 17排1列2层/ [索取号:TU71-39/D548] | 在馆 |